Personnages drôles de séries TV - Statistiques

Statistiques générales
  • Ce quiz a été pris 85 fois
  • Le résultat moyen est 5 sur 20
Statistiques - réponses
Par images Réponse % Correct
Joseph Tribbiani
89%
Sheldon Cooper
61%
Janice Littman
51%
Fran Fine
40%
Barney Stinson
39%
Tyrion Lannister
33%
Michael Scott
28%
Saul Goodman
25%
Craig Feldspar
24%
Carlton Banks
20%
Luna Torres
19%
Jill Greene
17%
Piama Tananahaakna
17%
Juan Taberner
16%
Vincent Masuka
12%
Screech
9%
Robert Romano
8%
Louis Stevens
7%
Docteur Perry Cox
5%
Le gardien de la crypte (The Crypt Keeper)
3%
Aucun quiz correspondant
Distribution des résultats
% des personnes avec chaque résultat
Percentile par nombre de réponses
Votre historique - résultats
Vous n’avez pas pris ce quiz